| 000 | 00339nam a2200097Ia 4500 | ||
|---|---|---|---|
| 082 | _aST 658 BUSI | ||
| 245 | 0 | _aBusiness economics : higher and standard grade Standard 10 | |
| 100 |
_a Eksteen, F R L N Goodwood [South Africa], 1987 4th ed., 11th impression 2001 _975500 |
||
| 942 | _cBK | ||
| 008 | 210817s9999 xx 000 0 und d | ||
| 999 |
_c249845 _d249844 |
||